| 000 | 00873nam a2200277 a 4500 | ||
|---|---|---|---|
| 001 | 000037707 | ||
| 003 | DO-SdBPM | ||
| 005 | 20251016131119.0 | ||
| 007 | ta | ||
| 008 | 121115s2029782 dr 000 0 spa d | ||
| 020 | _a9789945510140 | ||
| 040 |
_aDO-SdBPM _bspa _cBPMSU _drda |
||
| 082 | 4 |
_a972.93 _bM516b 2022 _222 |
|
| 100 | 1 |
_a Mejía-Ricart G., Tirso, _d1936-2021 _q(Mejía-Ricart Guzmán) |
|
| 245 | 1 | 0 |
_aBreve historia dominicana / _cTirso Mejía-Ricart Guzmán. |
| 260 |
_b _c |
||
| 264 |
_aSanto Domingo : _bEditora Nacional, _c2022 |
||
| 300 |
_a91 páginas ; _c24 cm. |
||
| 336 |
_atexto _btxt _2rdacontent |
||
| 337 |
_asin mediación _bn _2rdamedia |
||
| 338 |
_avolumen _bnc _2rdacarrier |
||
| 590 | _aInventariado, 2025/VM | ||
| 651 | 7 |
_aRepública Dominicana _xHistoria _y1492-1998 |
|
| 910 | _aVMateo V. Control de calidad. BPMSU | ||
| 942 |
_2ddc _cBK |
||
| 999 |
_c15455 _d15455 |
||